[Event "SWE-ch qualB"]
[Site "?"]
[Date "1997.??.??"]
[Round "11"]
[White "Lind Jan Olov"]
[Black "Eriksson Mats"]
[Result "0-1"]
[WhiteElo "2315"]
[BlackElo "2250"]
[PlyCount "124"]
[EventDate "1997.??.??"]
[Source "www.chesslib.no"]
[SourceDate "2004.05.04"]

1. e4 e5 2. Nf3 Nc6 3. Be2 Nf6 4. d3 Be7 5. c3 O-O 6. O-O d6 7. Re1 Kh8 8. Bf1 Ng8 9. d4 f5 10. exf5 exd4 11. Nxd4 Nxd4 12. cxd4 Bxf5 13. Bd3 Qd7 14. Nc3 d5 15. Re5 c6 16. Rxf5 Rxf5 17. Qg4 Raf8 18. Bd2 Bd8 19. Bxf5 Qxf5 20. Qxf5 Rxf5 21. Re1 Bb6 22. Ne2 Rf7 23. Be3 h6 24. Nc1 Ne7 25. Nd3 Nf5 26. Ne5 Rc7 27. Rd1 Kg8 28. b4 Re7 29. g4 Nxd4 30. Bxd4 Bxd4 31. Nxc6 Bxf2+ 32. Kxf2 bxc6 33. Rc1 Re4 34. a3 a5 35. bxa5 Rxg4 36. Rxc6 Ra4 37. a6 Rxa3 38. h4 h5 39. Ke2 Kf7 40. Kd2 Ke7 41. Kc2 Kd7 42. Rg6 Kc7 43. Rxg7+ Kb6 44. Rg6+ Kb5 45. Rd6 Kc5 46. Rh6 Kc4 47. Kb2 Ra5 48. Rxh5 Rxa6 49. Rg5 d4 50. h5 Rb6+ 51. Kc2 Rf6 52. Rg2 Ra6 53. Kb2 Rb6+ 54. Kc2 d3+ 55. Kc1 Kc3 56. h6 Ra6 57. Kb1 Rxh6 58. Rg8 Rh1+ 59. Ka2 d2 60. Rc8+ Kb4 61. Rb8+ Kc5 62. Rc8+ Kb6 0-1

[Event "Oberliga Ost-B 0001"]
[Site "?"]
[Date "2000.11.11"]
[Round "2.5"]
[White "Haakert Juergen"]
[Black "Gmeiner Peter"]
[Result "1/2-1/2"]
[WhiteElo "2349"]
[BlackElo "2210"]
[PlyCount "59"]
[EventDate "2000.??.??"]
[Source "www.chesslib.no"]
[SourceDate "2004.05.04"]

1. e4 e5 2. Nf3 Nc6 3. Be2 g6 4. O-O Bg7 5. c3 Nf6 6. d3 O-O 7. Nbd2 d5 8. b4 a6 9. Re1 b6 10. Bf1 Bb7 11. Bb2 Re8 12. Qb3 Qd7 13. g3 Rad8 14. exd5 Nxd5 15. a3 Qf5 16. Nh4 Qd7 17. Ndf3 f6 18. Rad1 Kh8 19. c4 Nde7 20. d4 exd4 21. Nxd4 Nxd4 22. Rxd4 Qc8 23. Rxd8 Qxd8 24. Rd1 Qc8 25. c5 Rd8 26. Re1 Ng8 27. Bc4 Re8 28. Be6 Qd8 29. Nf3 Qa8 30. Bf7 1/2-1/2

[Event "Moravia-chT 9900"]
[Site "?"]
[Date "2000.??.??"]
[Round "11"]
[White "Stradej Vlastimil"]
[Black "Sosna Jan"]
[Result "0-1"]
[WhiteElo "2195"]
[BlackElo "2360"]
[PlyCount "90"]
[EventDate "2000.??.??"]
[Source "www.chesslib.no"]
[SourceDate "2004.05.04"]

1. e4 e5 2. Nf3 Nc6 3. Be2 Nf6 4. d3 Be7 5. O-O O-O 6. c3 d5 7. Nbd2 Bg4 8. Qc2 a5 9. b3 Re8 10. Re1 Qd7 11. Bb2 Rad8 12. a3 Bf8 13. b4 dxe4 14. dxe4 Nh5 15. g3 g6 16. Rad1 Qe7 17. b5 Nb8 18. Nc4 Rxd1 19. Rxd1 Nd7 20. Nxa5 Nc5 21. Nc4 Nf6 22. Ne3 h5 23. Nxg4 hxg4 24. Nd2 Bh6 25. c4 Bxd2 26. Qxd2 Ncxe4 27. Qe3 Qc5 28. Qxc5 Nxc5 29. Bc3 Kg7 30. Bb4 Ne6 31. c5 Nd4 32. Kf1 Rh8 33. Bc3 Rxh2 34. Bxd4 Rh1+ 35. Kg2 Rxd1 36. Bxd1 exd4 37. f3 Nd7 38. c6 bxc6 39. bxc6 Ne5 40. fxg4 Kf6 41. Bb3 g5 42. Bd5 Ke7 43. Kf2 Kd6 44. Bg2 Kc5 45. Ke2 Kc4 0-1

[Event "NRW-Liga I 8990"]
[Site "GER"]
[Date "1990.??.??"]
[Round "?"]
[White "Linnemann, Ralf"]
[Black "Kebbekus, Thomas"]
[Result "1-0"]
[WhiteElo "2295"]
[BlackElo "2240"]
[PlyCount "59"]
[EventDate "1990.??.??"]
[Source "www.chesslib.no"]
[SourceDate "2004.05.04"]

1. e4 e5 2. Nf3 Nc6 3. Be2 Nf6 4. d3 Be7 5. O-O O-O 6. Nbd2 d5 7. c3 Re8 8. Qc2 a5 9. b3 Bf8 10. Re1 g6 11. Bf1 Bg7 12. a3 Nh5 13. g3 f5 14. exd5 Qxd5 15. d4 Qd8 16. dxe5 Nxe5 17. Nxe5 Rxe5 18. Rxe5 Bxe5 19. Nf3 Bf6 20. Bc4+ Kg7 21. Nd4 Qd6 22. Be2 Bxd4 23. cxd4 Nf6 24. Bf4 Qxd4 25. Rd1 Qb6 26. Rd8 c6 27. Qd2 Qxb3 28. Bh6+ Kf7 29. Qd6 Qb1+ 30. Kg2 1-0

[Event "CZE Team Ch"]
[Site "Czech Republic"]
[Date "1993.??.??"]
[Round "?"]
[White "Voboril, Pavel"]
[Black "Styblo, Michal"]
[Result "1/2-1/2"]
[WhiteElo "2225"]
[BlackElo "2310"]
[PlyCount "151"]
[EventDate "1993.??.??"]
[Source "www.chesslib.no"]
[SourceDate "2004.05.04"]

1. e4 e5 2. Nf3 Nc6 3. Be2 Nf6 4. d3 Be7 5. O-O d6 6. c3 O-O 7. b4 a6 8. Nbd2 Re8 9. Qc2 Bf8 10. Ne1 d5 11. a3 Ne7 12. c4 dxe4 13. dxe4 Ng6 14. g3 Bh3 15. Ng2 a5 16. b5 Nd7 17. Bb2 Nc5 18. Rad1 Qe7 19. Rfe1 Qe6 20. Ne3 c6 21. Bf1 Bxf1 22. Rxf1 Qh3 23. Nf5 Ne6 24. Nf3 Bc5 25. Kh1 Qg4 26. Ng1 Rad8 27. Bc1 Rxd1 28. Rxd1 Ngf8 29. f3 Qg6 30. bxc6 bxc6 31. Qa4 Nd4 32. Nxd4 Bxd4 33. Qxa5 Ne6 34. Ne2 Bc5 35. Qc3 Nd4 36. Nxd4 exd4 37. Qd3 h6 38. Bb2 Rb8 39. Rb1 Qf6 40. f4 Qe7 41. Ba1 Rd8 42. Rb3 Qe6 43. e5 Re8 44. Kg2 f6 45. exf6 Qxf6 46. Rb7 Qe6 47. Bxd4 Bxd4 48. Qxd4 Qe2+ 49. Qf2 Qxc4 50. Qf3 Re2+ 51. Kh3 Qc2 52. Qb3+ Qxb3 53. Rxb3 Ra2 54. g4 c5 55. Rc3 c4 56. Kg3 Rb2 57. Rxc4 Rb3+ 58. Kh4 Rxa3 59. Kh5 Kh7 60. Kh4 Kg6 61. Rc6+ Kf7 62. f5 Rb3 63. g5 hxg5+ 64. Kxg5 Rb2 65. Rc7+ Kg8 66. h4 Rh2 67. Rc4 Kf7 68. Rg4 Rf2 69. h5 Rf1 70. Rg3 Rf2 71. Rh3 Rf1 72. Rh4 Rf2 73. h6 gxh6+ 74. Rxh6 Rg2+ 75. Kf4 Rf2+ 76. Kg4 1/2-1/2

[Event "BL2-W 8889"]
[Site "GER"]
[Date "1989.??.??"]
[Round "?"]
[White "Linnemann, Ralf"]
[Black "Moors, Hans"]
[Result "1-0"]
[WhiteElo "2260"]
[BlackElo "2275"]
[PlyCount "71"]
[EventDate "1988.10.??"]
[Source "www.chesslib.no"]
[SourceDate "2004.05.04"]

1. e4 e5 2. Nf3 Nc6 3. Be2 Nf6 4. d3 d5 5. Nbd2 Bc5 6. O-O O-O 7. c3 a5 8. b3 Qe7 9. Qc2 Rd8 10. Bb2 Ba3 11. Rfe1 Bxb2 12. Qxb2 dxe4 13. dxe4 Qc5 14. a3 Bg4 15. b4 Qe7 16. Bc4 Rd6 17. h3 Bxf3 18. Nxf3 h6 19. Qe2 Nh7 20. Bd5 Nd8 21. Qe3 g5 22. c4 Kg7 23. c5 Rd7 24. Qc3 c6 25. Nxe5 Qf6 26. Qg3 Re7 27. Ng4 Qf4 28. Qc3+ f6 29. g3 Qc7 30. Bb3 axb4 31. axb4 Rxa1 32. Qxa1 Nf7 33. Ne3 Ne5 34. Nf5+ Kf8 35. Rd1 Rd7 36. Qa8+ 1-0

[Event "HUN Ch"]
[Site "Budapest HUN"]
[Date "1982.??.??"]
[Round "?"]
[White "Tolnai, Tibor"]
[Black "Szalanczy, Emil"]
[Result "1-0"]
[WhiteElo "2230"]
[BlackElo "2300"]
[PlyCount "83"]
[EventDate "1982.12.??"]
[Source "www.chesslib.no"]
[SourceDate "2004.05.04"]

1. e4 e5 2. Nf3 Nc6 3. Be2 Nf6 4. d3 Be7 5. O-O O-O 6. c3 d5 7. Nbd2 Bg4 8. b4 a6 9. Bb2 Re8 10. a4 Bxf3 11. Bxf3 d4 12. b5 dxc3 13. Bxc3 Qxd3 14. bxc6 Qxc3 15. Rc1 Qb4 16. Rb1 Qd4 17. cxb7 Rab8 18. Qc2 Bb4 19. Nc4 a5 20. Rfc1 Qa7 21. Qb2 Bc5 22. Rc2 Bb6 23. Nxe5 Rxb7 24. Kh1 Qa6 25. h3 h6 26. Be2 Qa8 27. Bc4 Re7 28. Ba2 Kf8 29. f3 Qe8 30. Nc6 Rd7 31. e5 Nh5 32. Qa3+ Kg8 33. Re1 Kh8 34. Qc1 Qf8 35. g4 Rd3 36. Kg2 Be3 37. Rxe3 Nf4+ 38. Kg3 Rxe3 39. Qxe3 g5 40. Nd4 Qb4 41. Nf5 Kh7 42. Qe4 1-0

[Event "Manresa Open"]
[Site "?"]
[Date "1996.??.??"]
[Round "8"]
[White "Garcia Cano Antonio"]
[Black "Alonso Salvador"]
[Result "1-0"]
[WhiteElo "2310"]
[BlackElo "2215"]
[PlyCount "85"]
[EventDate "1996.??.??"]
[Source "www.chesslib.no"]
[SourceDate "2004.05.04"]

1. e4 e5 2. Nf3 Nc6 3. Be2 Nf6 4. d3 Be7 5. c3 d5 6. Nbd2 O-O 7. O-O Re8 8. b4 a6 9. Bb2 b5 10. a3 Bb7 11. Qc2 Bf8 12. Rfe1 Nb8 13. Bf1 dxe4 14. dxe4 Nbd7 15. c4 c6 16. Nb3 Qb6 17. c5 Qc7 18. Rad1 Rad8 19. Rd2 Nh5 20. Red1 f6 21. Bc4+ bxc4 22. Qxc4+ Kh8 23. Qf7 Nf4 24. Rxd7 Bc8 25. Qxe8 Bxd7 26. Rxd7 Qxd7 27. Qxd7 Rxd7 28. Nfd2 Kg8 29. Kf1 Kf7 30. g3 Ne6 31. Ke2 Nd8 32. Nc4 Nb7 33. f4 exf4 34. gxf4 Nd8 35. Nd4 Rc7 36. f5 g6 37. h4 gxf5 38. exf5 Be7 39. Bc1 Ke8 40. Na5 Kd7 41. Bf4 Rc8 42. Nc4 Ke8 43. Nb6 1-0

[Event "BL2-O 9899"]
[Site "?"]
[Date "1999.01.31"]
[Round "5.6"]
[White "Haskamp Stephan"]
[Black "Held Markus"]
[Result "1-0"]
[WhiteElo "2275"]
[BlackElo "2245"]
[PlyCount "63"]
[EventDate "1999.??.??"]
[Source "www.chesslib.no"]
[SourceDate "2004.05.04"]

1. e4 e5 2. Nf3 Nc6 3. Be2 Nf6 4. d3 d5 5. Nbd2 Bc5 6. c3 a5 7. h3 O-O 8. Qc2 b6 9. Nf1 Re8 10. g4 Bb7 11. Ng3 h6 12. g5 hxg5 13. Bxg5 Be7 14. Rg1 Bc8 15. O-O-O Nh7 16. Bxe7 Rxe7 17. d4 exd4 18. Nxd4 Nxd4 19. Rxd4 Bxh3 20. exd5 Nf8 21. Rh1 Bd7 22. Rdh4 f5 23. d6 Re5 24. Bc4+ Be6 25. Bxe6+ Rxe6 26. Qxf5 Rf6 27. Qd5+ Re6 28. Ne4 c6 29. Ng5 g6 30. Rh8+ Kg7 31. Nxe6+ Nxe6 32. Qe5+ 1-0

[Event "DEN Team Ch 9495"]
[Site "Denmark"]
[Date "1995.??.??"]
[Round "5"]
[White "Pedersen, Svend"]
[Black "Pedersen, Daniel V"]
[Result "1-0"]
[WhiteElo "2275"]
[BlackElo "2240"]
[PlyCount "80"]
[EventDate "1994.??.??"]
[Source "www.chesslib.no"]
[SourceDate "2004.05.04"]

1. e4 e5 2. Nf3 Nc6 3. Be2 Nf6 4. d3 h6 5. c3 g6 6. Nbd2 Bg7 7. O-O O-O 8. Re1 d6 9. b4 a5 10. b5 Nb8 11. a4 b6 12. d4 Bb7 13. dxe5 Nxe4 14. Nxe4 Bxe4 15. Ba3 Re8 16. exd6 cxd6 17. Rc1 Nd7 18. Bxd6 Rc8 19. Nd4 Nc5 20. Bf4 Qd5 21. Bf1 Qa2 22. f3 Bb7 23. Rxe8+ Rxe8 24. Bc7 Nxa4 25. Ra1 Nxc3 26. Rxa2 Nxd1 27. Rd2 Re1 28. Nc2 Rxf1+ 29. Kxf1 Nc3 30. Rd8+ Kh7 31. Na3 a4 32. Ke1 Nd5 33. Bd6 Bb2 34. Rb8 Ne3 35. Rxb7 Bxa3 36. Bxa3 Nc2+ 37. Kd1 Nxa3 38. Rxb6 Kg7 39. Rb8 Nc4 40. Kc1 a3 1-0

[Event "BL2-W 9697"]
[Site "?"]
[Date "1996.??.??"]
[Round "?"]
[White "Kreutzkamp Reinhold"]
[Black "Michalczak Thomas"]
[Result "1-0"]
[WhiteElo "2265"]
[BlackElo "2250"]
[PlyCount "33"]
[EventDate "1996.??.??"]
[Source "www.chesslib.no"]
[SourceDate "2004.05.04"]

1. e4 e5 2. Nf3 Nc6 3. Be2 f5 4. d4 fxe4 5. Nxe5 Nf6 6. O-O d6 7. Nxc6 bxc6 8. f3 d5 9. fxe4 Nxe4 10. Nd2 Nxd2 11. Bxd2 Be6 12. Bg4 Bd7 13. Qf3 Qf6 14. Bxd7+ Kxd7 15. Qh3+ Qe6 16. Rf7+ Be7 17. Re1 1-0

[Event "POL-chT U20"]
[Site "?"]
[Date "1999.??.??"]
[Round "?"]
[White "Dziuba Marcin"]
[Black "Zawadzki Stanislaw"]
[Result "1-0"]
[WhiteElo "2310"]
[BlackElo "2204"]
[PlyCount "119"]
[EventDate "1999.??.??"]
[Source "www.chesslib.no"]
[SourceDate "2004.05.04"]

1. e4 e5 2. Nf3 Nc6 3. Be2 Nf6 4. d3 d5 5. Nbd2 Bc5 6. O-O O-O 7. c3 Bb6 8. Qc2 Bg4 9. h3 Bh5 10. Re1 h6 11. Nf1 Bg6 12. Ng3 Nh5 13. Nxh5 Bxh5 14. b4 dxe4 15. dxe4 Qe7 16. Rb1 Rad8 17. g4 Bg6 18. Bc4 Kh8 19. Kg2 a5 20. a3 Rd6 21. Qe2 Rfd8 22. Rb2 Nb8 23. Rd2 Rxd2 24. Nxd2 axb4 25. axb4 c6 26. Nf1 Nd7 27. Ng3 Nf8 28. Nf5 Qf6 29. Rd1 Ne6 30. Rxd8+ Qxd8 31. Bxe6 fxe6 32. Ng3 Qd7 33. Be3 Bd8 34. f3 Be8 35. Nf1 b6 36. Nd2 Bc7 37. Nc4 c5 38. bxc5 bxc5 39. Nb2 Ba5 40. Qc2 Qc7 41. Qb3 Qc6 42. Qa3 Bb6 43. c4 Kg8 44. Nd3 Qd6 45. Kf2 Kf7 46. Ke2 Qc7 47. Bxc5 Bxc5 48. Qxc5 Qxc5 49. Nxc5 Ke7 50. Kd2 Kd6 51. Nb3 Kc6 52. Kc3 Kb6 53. Kb4 Bd7 54. Nc1 Be8 55. Nd3 Kc6 56. Nxe5+ Kd6 57. f4 Kc7 58. c5 Kb7 59. h4 Kc7 60. g5 1-0

[Event "SVK-chT 9798"]
[Site "?"]
[Date "1997.??.??"]
[Round "4"]
[White "Novak Ivan"]
[Black "Nicolini Alexander"]
[Result "1/2-1/2"]
[WhiteElo "2345"]
[BlackElo "2160"]
[PlyCount "168"]
[EventDate "1997.??.??"]
[Source "www.chesslib.no"]
[SourceDate "2004.05.04"]

1. e4 e5 2. Nf3 Nc6 3. Be2 Nf6 4. d3 Bc5 5. O-O Bb6 6. Nbd2 h6 7. Nc4 d6 8. c3 O-O 9. a4 Be6 10. a5 Bxc4 11. axb6 Be6 12. bxa7 Rxa7 13. Rxa7 Nxa7 14. d4 exd4 15. Nxd4 Bd7 16. Bd3 c5 17. Ne2 Re8 18. Ng3 Bb5 19. Bf4 Bxd3 20. Qxd3 d5 21. Rd1 c4 22. Qf3 dxe4 23. Nxe4 Qe7 24. Ng3 Nc6 25. h3 Rd8 26. Ra1 Rd3 27. Be3 Qe6 28. Nh5 Nxh5 29. Qxh5 Rd5 30. Qh4 Rb5 31. Ra2 Qd5 32. Qg4 Kh7 33. Qe2 Ra5 34. Rxa5 Nxa5 35. Qc2+ Kg8 36. Kf1 Nc6 37. Bf4 f5 38. h4 h5 39. f3 Kf7 40. Qe2 g6 41. Kf2 Nd8 42. Qe5 Qxe5 43. Bxe5 Ke6 44. Bc7 Nc6 45. Ke3 b5 46. Kf4 Ne7 47. Kg5 Kf7 48. Bd6 Nd5 49. Bc5 Nc7 50. Bd6 Ne6+ 51. Kh6 Kf6 52. g3 Kf7 53. Kh7 Nd8 54. Kh6 Nb7 55. Bb4 Nd8 56. Bd6 Ne6 57. Kh7 Kf6 58. Kh6 Nd8 59. Kh7 Nc6 60. Bc5 Kf7 61. Bd6 Na5 62. Kh6 Nb3 63. Kg5 Nc1 64. g4 hxg4 65. fxg4 fxg4 66. Kxg4 Kf6 67. Ba3 Nd3 68. Kf3 Kf5 69. Ke3 Ke5 70. b3 Kd5 71. Be7 Ne5 72. bxc4+ Kxc4 73. Kf4 Kd5 74. Kg5 Ke6 75. Bc5 Kf7 76. h5 gxh5 77. Kxh5 Ke6 78. Kg5 Kd5 79. Bb4 Nd3 80. Ba5 Kc4 81. Kg4 Nb2 82. Kf3 Na4 83. Ke2 Nxc3+ 84. Kd2 Nd5 1/2-1/2

[Event "Open, Karvina CZE"]
[Site "?"]
[Date "2001.??.??"]
[Round "6"]
[White "Zilka, S."]
[Black "Olsar, J."]
[Result "1-0"]
[WhiteElo "2170"]
[BlackElo "2330"]
[PlyCount "195"]
[EventDate "2001.??.??"]
[Source "www.chesslib.no"]
[SourceDate "2004.05.04"]

1. e4 e5 2. Nf3 Nc6 3. Be2 Nf6 4. d3 Be7 5. O-O O-O 6. c3 a5 7. Qc2 d6 8. Rd1 Bg4 9. h3 Bh5 10. Nbd2 h6 11. Nf1 Nh7 12. Ng3 Bg6 13. Be3 Ng5 14. Nxg5 Bxg5 15. Bxg5 Qxg5 16. Qd2 Qh4 17. Bg4 Ne7 18. d4 Nc6 19. Bf3 Rfe8 20. Rac1 Qf6 21. b3 Re7 22. a3 Qf4 23. d5 Nb8 24. Qd3 Nd7 25. b4 Nf6 26. c4 b6 27. c5 bxc5 28. bxc5 Nd7 29. cxd6 cxd6 30. Qb5 Nc5 31. Qc6 Rd8 32. Qb6 Ree8 33. Rc4 a4 34. Rb4 Qf6 35. Be2 Qe7 36. Rdb1 Ra8 37. Qb5 Rac8 38. Bg4 Rcd8 39. Qc6 Qf6 40. Be2 Qe7 41. Bd1 Rc8 42. Qb5 Qa7 43. Bg4 Rcd8 44. Bf5 Kh7 45. Bxg6+ Kxg6 46. Qb6 Qe7 47. Rc4 Qf6 48. f3 Kh7 49. Nf5 g6 50. Ne3 Nb3 51. Ng4 Qf4 52. Rxa4 Rb8 53. Qe3 Nc5 54. Rxb8 Rxb8 55. Qxf4 exf4 56. Rb4 Ra8 57. Rb6 Rd8 58. Nf6+ Kg7 59. Rxd6 Ra8 60. Rc6 Rxa3 61. Nh5+ gxh5 62. Rxc5 Ra1+ 63. Kh2 h4 64. d6 Rd1 65. Rf5 Rxd6 66. Rxf4 Rd2 67. Rg4+ Kf6 68. Rxh4 Kg5 69. Rg4+ Kf6 70. Rg8 Rc2 71. Kg3 Rd2 72. Kh4 Rd6 73. Kh5 Ke7 74. e5 Rd5 75. f4 f6 76. Kxh6 fxe5 77. fxe5 Rxe5 78. g4 Kf7 79. Rg7+ Kf8 80. Ra7 Kg8 81. g5 Re4 82. Rb7 Rh4+ 83. Kg6 Kf8 84. Rb8+ Ke7 85. Kg7 Rxh3 86. g6 Re3 87. Rb1 Re2 88. Rh1 Rg2 89. Re1+ Kd6 90. Kh7 Rh2+ 91. Kg8 Rg2 92. g7 Kd7 93. Re4 Kd6 94. Kf7 Rf2+ 95. Kg6 Rg2+ 96. Kf6 Rf2+ 97. Kg5 Rg2+ 98. Rg4 1-0

[Event "SWE Ch"]
[Site "Goteborg SWE"]
[Date "1990.??.??"]
[Round "?"]
[White "Lind, Jan-Olov"]
[Black "Holst, Conny"]
[Result "1-0"]
[WhiteElo "2215"]
[BlackElo "2285"]
[PlyCount "37"]
[EventDate "1990.??.??"]
[Source "www.chesslib.no"]
[SourceDate "2004.05.04"]

1. e4 e5 2. Nf3 Nc6 3. Be2 Nf6 4. d3 Be7 5. O-O d5 6. Nbd2 O-O 7. Re1 dxe4 8. dxe4 Bc5 9. c3 Qe7 10. h3 Kh8 11. b4 Bb6 12. Rb1 a5 13. a3 axb4 14. axb4 g5 15. Nh2 Rd8 16. Qc2 g4 17. hxg4 Nxg4 18. Bxg4 Qh4 19. Ndf3 1-0

[Event "Moravia-chT 9900"]
[Site "?"]
[Date "2000.??.??"]
[Round "7"]
[White "Stradej Vlastimil"]
[Black "Ramik Zdenek"]
[Result "1-0"]
[WhiteElo "2195"]
[BlackElo "2304"]
[PlyCount "97"]
[EventDate "2000.??.??"]
[Source "www.chesslib.no"]
[SourceDate "2004.05.04"]

1. e4 e5 2. Nf3 Nc6 3. Be2 Nf6 4. d3 d5 5. Nbd2 Bc5 6. O-O O-O 7. c3 dxe4 8. dxe4 a5 9. b3 Qe7 10. a3 Rd8 11. Qc2 Bg4 12. Bb2 Nh5 13. b4 Nf4 14. Bb5 Na7 15. Bc4 Bb6 16. Rfe1 Rd6 17. Bf1 Rg6 18. g3 Nc6 19. b5 Nb8 20. c4 Nd7 21. Rac1 Bc5 22. Bg2 Bh3 23. Bh1 a4 24. Nf1 Bxf1 25. Kxf1 Nh3 26. Re2 Bxa3 27. Bxa3 Qxa3 28. c5 Ng5 29. Nh4 Re6 30. Qd2 h6 31. Re3 Qxc5 32. Rxc5 Nxc5 33. Qd5 a3 34. Qa2 Rb6 35. Rxa3 Rxa3 36. Qxa3 Rxb5 37. Nf5 Nge6 38. Bf3 g6 39. Qa8+ Nf8 40. Nxh6+ Kg7 41. Ng4 Rb1+ 42. Kg2 Nfd7 43. Qd8 b5 44. Qxc7 Nd3 45. Qxd7 Ne1+ 46. Kh3 Nxf3 47. Qe7 Ng1+ 48. Kg2 b4 49. Nxe5 1-0